书目信息 |
| 题名: |
别把有毒的食物带回家
|
|
| 作者: | 郑育龙 著 | |
| 分册: | ||
| 出版信息: | 西安 西安交通大学出版社 2015 |
|
| 页数: | 253页 | |
| 开本: | 23cm | |
| 丛书名: | ||
| 单 册: | ||
| 中图分类: | TS201.6 | |
| 科图分类: | ||
| 主题词: | 食品安全--基本知识 | |
| 电子资源: | ||
| ISBN: | 978-7-5605-7205-5 | |
| 000 | 00731nam0 2200217 450 | |
| 001 | 2748 | |
| 005 | 20161205145740.34 | |
| 010 | @a978-7-5605-7205-5@dCNY32.00 | |
| 100 | @a20150917d2015 em y0chiy50 ea | |
| 101 | 0 | @achi |
| 102 | @aCN@b610000 | |
| 105 | @aa z 000yy | |
| 200 | 1 | @a别把有毒的食物带回家@9bie ba you du de shi wu dai hui jia@f郑育龙著 |
| 210 | @a西安@c西安交通大学出版社@d2015 | |
| 215 | @a253页@c图@d23cm | |
| 330 | @a本书是一部教您快速挑选主食、水果、蔬菜、肉类等食物的放心秘籍,提供了各种能让你一眼看清安全食物的小技巧。 | |
| 606 | 0 | @a食品安全@x基本知识 |
| 690 | @aTS201.6@v5 | |
| 701 | 0 | @a郑育龙@9zheng yu long@4著 |
| 801 | 0 | @aCN@b大连网信软件有限公司图书馆·11@c20161205 |
| 905 | @aZUCC@dTS201.6@e229 | |
| 别把有毒的食物带回家/郑育龙著.-西安:西安交通大学出版社,2015 |
| 253页:图;23cm |
| ISBN 978-7-5605-7205-5:CNY32.00 |
| 本书是一部教您快速挑选主食、水果、蔬菜、肉类等食物的放心秘籍,提供了各种能让你一眼看清安全食物的小技巧。 |
| ● |
| 相关链接 |
|
|
|
|
正题名:别把有毒的食物带回家
索取号:TS201.6/229
 
预约/预借
| 序号 | 登录号 | 条形码 | 馆藏地/架位号 | 状态 | 备注 |
| 1 | 911489 | 209114894 | 第二样本阅览室/ [索取号:TS201.6/229] | 在馆 | |
| 2 | 911490 | 209114901 | 第三借阅区/ [索取号:TS201.6/229] | 在馆 | |
| 3 | 911491 | 209114910 | 第三借阅区/ [索取号:TS201.6/229] | 在馆 | |
| 4 | 911492 | 209114929 | 第三借阅区/ [索取号:TS201.6/229] | 在馆 | |
| 5 | 911493 | 209114938 | 第三借阅区/ [索取号:TS201.6/229] | 在馆 |